Statistics for Countries of the World by Largest City

Click here to take the quiz!

General Stats

  • This quiz has been taken 1,955 times
    (1,269 since last reset)
  • The average score is 44 of 50

Answer Stats

HintAnswer% Correct
ParisFrance
100%
AthensGreece
100%
LondonUnited Kingdom
100%
TorontoCanada
98%
ReykjavikIceland
98%
DublinIreland
98%
TokyoJapan
98%
LisbonPortugal
98%
MoscowRussia
98%
New YorkUnited States
98%
Buenos AiresArgentina
97%
HavanaCuba
97%
CopenhagenDenmark
97%
CairoEgypt
97%
SingaporeSingapore
97%
SeoulSouth Korea
97%
Sao PauloBrazil
96%
IstanbulTurkey
96%
JakartaIndonesia
95%
AmsterdamNetherlands
95%
LimaPeru
95%
JohannesburgSouth Africa
95%
BangkokThailand
95%
BogotaColombia
93%
AucklandNew Zealand
93%
Ho Chi MinhVietnam
93%
TehranIran
92%
TaipeiTaiwan
92%
DjiboutiDjibouti
91%
TunisTunisia
91%
DubaiUnited Arab Emirates
91%
NairobiKenya
90%
LagosNigeria
88%
RiyadhSaudi Arabia
88%
RigaLatvia
86%
Addis AbabaEthiopia
85%
CasablancaMorocco
85%
DohaQatar
83%
BratislavaSlovakia
83%
DhakaBangladesh
82%
KinshasaD.R. of Congo
80%
KarachiPakistan
80%
LuandaAngola
72%
AshgabatTurkmenistan
70%
KampalaUganda
69%
BamakoMali
62%
SuvaFiji
58%
ApiaSamoa
57%
GaboroneBotswana
55%
BataEquatorial Guinea
21%

Score Distribution

Percentile by Number Answered

Percent of People with Each Score

Your Score History

You have not taken this quiz since the last reset